000
00314nam a22001337a 4500
008
170216b xxu||||| |||| 00| 0 eng d
020
_a
9780972307697
041
_a
eng
080
_2
5TH
_a
615
100
_a
615
101
_a
SHF
245
_a
THE ALPHA COMPLETE REVIEW FOR PHARMACY
_c
GOURLEY, D.R
942
_2
udc
_c
BK
999
_c
5730
_d
5730